Memoria

Бібліографічні деталі
Співавтор: Centro de Estudios del Movimiento Obrero y Socialista
Формат: Періодика
Мова:Spanish
Предмети:

MARC

LEADER 00000cas a2200000 a 4500
001 66690
003 Ucuenca
005 20230308224833.0
008 995092|1995 mx |||||r|||||||||||spa||
022 |a 0186-1395 
040 |b spa 
041 1 |a spa 
082 0 |a 050  |b C386m 
110 1 |9 177538  |a Centro de Estudios del Movimiento Obrero y Socialista 
245 0 |a Memoria  |c Centro de Estudios del Movimiento Obrero y Socialista  |h imp 
264 |a México D.F.  |b CEMOS  |c Julio de 1995 
300 |a 64 páginas:  |b ilu  |c 21 cm 
362 |a no. 79 (Julio 1995) 
650 |a Revista cemos memoria  |9 177537 
650 4 |a Política  |9 95 
650 0 |a Revista memoria  |9 189314 
650 |a Frontera mexicana  |9 189615 
852 |a UC-CDJBV 
942 |c SER  |z vanessa.morales@ucuenca.edu.ec 
999 |c 150456  |d 150456